|
|
|
|
| LEADER |
01788nam a2200361 i 4500 |
| 001 |
38886 |
| 003 |
BD-DhAAL |
| 008 |
220614t2014 njua 001 0 eng d |
| 999 |
|
|
|c 44311
|d 44311
|
| 010 |
|
|
|a 2013016217
|
| 020 |
|
|
|a 9781118554937 (cloth)
|
| 040 |
|
|
|a DLC
|b eng
|c DLC
|e rda
|d DLC
|d BD-DhAAL
|
| 042 |
|
|
|a pcc
|
| 050 |
0 |
0 |
|a QA297
|b .G49 2014
|
| 082 |
0 |
0 |
|a 518.028553
|2 23
|
| 100 |
1 |
|
|a Gilat, Amos.
|9 49296
|
| 245 |
1 |
0 |
|a Numerical methods for engineers and scientists :
|b an introduction with applications using matlab /
|c Amos Gilat, Vish Subramaniam, Department of Mechanical Engineering, the Ohio State University.
|
| 250 |
|
|
|a Third edition.
|
| 264 |
|
1 |
|a Hoboken, NJ :
|b John Wiley & Sons, Inc.,
|c c2014.
|
| 300 |
|
|
|a xvi, 559 pages :
|b illustrations ;
|c 27 cm
|
| 500 |
|
|
|a Includes index.
|
| 526 |
|
|
|a EEE
|
| 541 |
|
|
|a Trim Education
|e 38886, 38887, 38888
|
| 630 |
0 |
0 |
|a MATLAB.
|9 49297
|
| 650 |
|
0 |
|a Numerical analysis
|x Data processing.
|9 49298
|
| 650 |
|
0 |
|a Engineering mathematics.
|9 49299
|
| 650 |
|
0 |
|a Electrical engineering.
|9 49301
|
| 700 |
1 |
|
|a Subramaniam, Vish.
|9 49300
|
| 852 |
|
|
|a Ayesha Abed Library
|c General Stacks
|
| 942 |
|
|
|2 ddc
|c BK
|
| 952 |
|
|
|0 0
|1 0
|2 ddc
|4 0
|6 518_028553000000000_GIL
|7 0
|9 70806
|a BRACUL
|b BRACUL
|c GEN
|d 2022-06-06
|e Trim Education
|g 13215.00
|l 4
|m 27
|o 518.028553 GIL
|p 3010038886
|r 2025-05-14
|s 2025-02-09
|t 1
|v 13215.00
|w 2022-06-06
|y BK
|
| 952 |
|
|
|0 0
|1 0
|2 ddc
|4 0
|6 518_028553000000000_GIL
|7 0
|9 70807
|a BRACUL
|b BRACUL
|c GEN
|d 2022-06-06
|e Trim Education
|g 13215.00
|l 5
|m 38
|o 518.028553 GIL
|p 3010038887
|r 2026-05-05
|s 2026-02-05
|t 2
|v 13215.00
|w 2022-06-06
|y BK
|
| 952 |
|
|
|0 0
|1 0
|2 ddc
|4 0
|6 518_028553000000000_GIL
|7 0
|9 70808
|a BRACUL
|b BRACUL
|c GEN
|d 2022-06-06
|e Trim Education
|g 13215.00
|l 3
|m 13
|o 518.028553 GIL
|p 3010038888
|r 2024-11-04
|s 2024-11-04
|t 3
|v 13215.00
|w 2022-06-06
|y BK
|